000 00282nam a2200121Ia 4500
100 _aFesto
942 _cBK
654 _aPneumatic Control Engg
245 _aFundamentals of Pneumatic Control Engg
260 _bFesto Didactic
_aW- Germany
_c1978
546 _aENGLISH
999 _c33239
_d33239